ბათუმის შოთა რუსთაველის სახელმწიფო უნივერსიტეტის ბიბლიოთეკა

საოჯახო პედაგოგიკა (ბიბ.ჩანაწერი № 51524)

000 -LEADER
fixed length control field 00779nam a2200241Ia 4500
001 - CONTROL NUMBER
control field 18513
003 - CONTROL NUMBER IDENTIFIER
control field GE_BSU
008 - FIXED-LENGTH DATA ELEMENTS--GENERAL INFORMATION
fixed length control field 181216s||||||||xx |||||||||||||| ||und||
020 ## - INTERNATIONAL STANDARD BOOK NUMBER
International Standard Book Number 978-9941-9044-3-1
040 ## - CATALOGING SOURCE
Transcribing agency GE_BSU
080 ## - UNIVERSAL DECIMAL CLASSIFICATION NUMBER
Universal Decimal Classification number 372.864
100 ## - MAIN ENTRY--PERSONAL NAME
Personal name ნარგიზიშვილი, აკაკი
245 ## - TITLE STATEMENT
Title საოჯახო პედაგოგიკა
245 ## - TITLE STATEMENT
Statement of responsibility, etc. რედ. ნარგიზიშვილი- მიქაძე მანანა
260 ## - PUBLICATION, DISTRIBUTION, ETC.
Place of publication, distribution, etc. თბილისი
260 ## - PUBLICATION, DISTRIBUTION, ETC.
Name of publisher, distributor, etc. ინოვაცია
260 ## - PUBLICATION, DISTRIBUTION, ETC.
Date of publication, distribution, etc. 2008
300 ## - PHYSICAL DESCRIPTION
Extent 124გვ. ; 20სმ.
300 ## - PHYSICAL DESCRIPTION
Accompanying material ბიბლიოგრ.: გვ. 121.
653 ## - INDEX TERM--UNCONTROLLED
Uncontrolled term საოჯახო პედაგოგიკა
942 ## - ADDED ENTRY ELEMENTS (KOHA)
Koha item type წიგნი
ეგზემპლარები
Withdrawn status Lost status Damaged status Not for loan Date acquired Barcode Date last seen Price effective from Koha item type
        2018-12-17 47783 2018-12-17 2018-12-17 წიგნი
        2018-12-17 47784 2018-12-17 2018-12-17 წიგნი
        2018-12-17 47785 2018-12-17 2018-12-17 წიგნი
        2018-12-17 47786 2018-12-17 2018-12-17 წიგნი
        2018-12-17 47787 2018-12-17 2018-12-17 წიგნი